B22_警報などの発表区域が分割されている市区町村 - Statistics

General Stats
  • This quiz has been taken 27 times
  • The average score is 33 of 42
Answer Stats
都道府県名 分割数 分割区域名 市町村名 % Correct
北海道 2 北見市常呂・北見市北見 北見市
95%
宮城県 2 仙台市東部・仙台市西部 仙台市
95%
宮城県 2 大崎市東部・大崎市西部 大崎市
95%
栃木県 5 日光市今市・日光市日光・ 日光市藤原・ 日光市足尾・ 日光市栗山 日光市
95%
神奈川県 2 横浜市北部・横浜市南部 横浜市
95%
神奈川県 2 相模原市西部・相模原市東部 相模原市
95%
富山県 3 富山市平地・富山市山間部東・ 富山市山間部西 富山市
95%
長野県 2 長野・鬼無里戸隠 長野市
90%
長野県 2 松本・乗鞍上高地 松本市
90%
静岡県 2 静岡市南部・静岡市北部 静岡市
90%
静岡県 2 浜松市北部・浜松市南部 浜松市
90%
愛知県 2 豊田市西部・豊田市東部 豊田市
90%
三重県 2 津市東部・津市中西部 津市
90%
滋賀県 2 大津市南部・大津市北部 大津市
90%
和歌山県 5 田辺市田辺・田辺市龍神・ 田辺市中辺路・ 田辺市大塔・ 田辺市本宮 田辺市
90%
広島県 8 広島市中区・広島市東区・ 広島市南区・ 広島市西区・ 広島市安佐南区・ 広島市安佐北区・ 広島市安芸区・ 広島市佐伯区 広島市
90%
北海道 3 釧路市阿寒・釧路市釧路・ 釧路市音別 釧路市
86%
宮城県 2 栗原市東部・栗原市西部 栗原市
86%
福島県 2 郡山市・郡山市湖南 郡山市
86%
三重県 2 松阪市東部・松阪市西部 松阪市
86%
兵庫県 9 神戸市東灘区・神戸市灘区・ 神戸市兵庫区・ 神戸市長田区・ 神戸市須磨区・ 神戸市垂水区・ 神戸市北区・ 神戸市中央区・ 神戸市西区 神戸市
86%
奈良県 2 奈良市西部・奈良市東部 奈良市
86%
奈良県 2 五條市北部・五條市南部 五條市
86%
鳥取県 2 鳥取市北部・鳥取市南部 鳥取市
86%
長崎県 2 佐世保市(宇久地域を除く)・
佐世保市 (宇久地域)
佐世保市
86%
長崎県 2 上対馬・下対馬 対馬市
86%
北海道 2 日高町日高・日高町門別 日高町
81%
長野県 2 伊那・長谷 伊那市
81%
和歌山県 2 有田川町吉備金屋・有田川町清水 有田川町
76%
長崎県 2 西海市(江島・平島を除く)・ 西海市 (江島・平島) 西海市
76%
熊本県 2 八代市西部・八代市東部 八代市
76%
和歌山県 3 日高川町川辺・日高川町中津・ 日高川町美山 日高川町
71%
徳島県 2 美馬市脇/美馬/穴吹・美馬市木屋平 美馬市
67%
鹿児島県 2 薩摩川内市・薩摩川内市甑島 薩摩川内市
67%
北海道 2 八雲町八雲・八雲町熊石 八雲町
62%
長野県 2 塩尻・楢川 塩尻市
62%
徳島県 2 つるぎ町半田/貞光・つるぎ町一宇 つるぎ町
62%
北海道 2 伊達市伊達・伊達市大滝 伊達市
52%
北海道 2 羽幌町・天売焼尻 羽幌町
48%
和歌山県 2 かつらぎ町かつらぎ・かつらぎ町花園 かつらぎ町
48%
宮城県 2 大和町東部・大和町西部 大和町
38%
福島県 2 天栄村・天栄村湯本 天栄村
33%
No matching quizzes found
Score Distribution
Percent of People with Each Score
Percentile by Number Answered
Your Score History
You have not taken this quiz